<?xml version="1.0" encoding="UTF-8"?>
<record
    xmlns:xsi="http://www.w3.org/2001/XMLSchema-instance"
    xsi:schemaLocation="http://www.loc.gov/MARC21/slim http://www.loc.gov/standards/marcxml/schema/MARC21slim.xsd"
    xmlns="http://www.loc.gov/MARC21/slim">

  <leader>02923nab a2200409 i 4500</leader>
  <controlfield tag="001">149369</controlfield>
  <controlfield tag="003">FINmELB</controlfield>
  <controlfield tag="005">20241217182413.0</controlfield>
  <controlfield tag="006">m     o  d |      </controlfield>
  <controlfield tag="007">cr cnu||||||||</controlfield>
  <controlfield tag="008">240708c20029999ck fr p  o    0    0spa d</controlfield>
  <datafield tag="022" ind1=" " ind2=" ">
    <subfield code="a">1657-4613</subfield>
  </datafield>
  <datafield tag="035" ind1=" " ind2=" ">
    <subfield code="a">(OCoLC)1449571544</subfield>
  </datafield>
  <datafield tag="040" ind1=" " ind2=" ">
    <subfield code="a">FINmELB</subfield>
    <subfield code="b">spa</subfield>
    <subfield code="e">rda</subfield>
    <subfield code="c">FINmELB</subfield>
  </datafield>
  <datafield tag="050" ind1=" " ind2="4">
    <subfield code="a">HF5415</subfield>
    <subfield code="b">.Z373 2002</subfield>
  </datafield>
  <datafield tag="080" ind1=" " ind2=" ">
    <subfield code="a">658.8(045)</subfield>
  </datafield>
  <datafield tag="082" ind1="0" ind2="4">
    <subfield code="a">658.8</subfield>
    <subfield code="2">23</subfield>
  </datafield>
  <datafield tag="100" ind1="1" ind2=" ">
    <subfield code="a">Zapata Guerrero, &#xC9;dgar Enrique,</subfield>
    <subfield code="e">autor.</subfield>
  </datafield>
  <datafield tag="245" ind1="1" ind2="0">
    <subfield code="a">Marketing :</subfield>
    <subfield code="b">&#xBF;ciencia o arte? El estado del arte del concepto efectividad de mercadeo /</subfield>
    <subfield code="c">&#xC9;dgar Enrique Zapata Guerrero.</subfield>
  </datafield>
  <datafield tag="264" ind1=" " ind2="1">
    <subfield code="a">Bucaramanga :</subfield>
    <subfield code="b">Universidad Aut&#xF3;noma de Bucaramanga,</subfield>
    <subfield code="c">2002.</subfield>
  </datafield>
  <datafield tag="310" ind1=" " ind2=" ">
    <subfield code="a">Semestral</subfield>
  </datafield>
  <datafield tag="336" ind1=" " ind2=" ">
    <subfield code="a">texto</subfield>
    <subfield code="b">txt</subfield>
    <subfield code="2">rdacontent/spa</subfield>
  </datafield>
  <datafield tag="337" ind1=" " ind2=" ">
    <subfield code="a">computadora</subfield>
    <subfield code="b">c</subfield>
    <subfield code="2">rdamedia/spa</subfield>
  </datafield>
  <datafield tag="338" ind1=" " ind2=" ">
    <subfield code="a">recurso en l&#xED;nea</subfield>
    <subfield code="b">cr</subfield>
    <subfield code="2">rdacarrier/spa</subfield>
  </datafield>
  <datafield tag="362" ind1="0" ind2=" ">
    <subfield code="a">2000-</subfield>
  </datafield>
  <datafield tag="520" ind1=" " ind2=" ">
    <subfield code="a">La disciplina de la mercadotecnia es una ciencia en desarrollo, puesto que para formular muchos de sus principios se ha procedido con objetividad, se han realizado las verificaciones pertinentes, propuesto generalizaciones y utilizado el m&#xE9;todo cient&#xED;fico. Otros principios est&#xE1;n a la espera del mismo trabajo para validarlos cient&#xED;ficamente. En algunos aspectos centrales de la teor&#xED;a de la mercadotecnia existen, fundamentalmente, prescripciones propuestas por te&#xF3;ricos reconocidos en la disciplina, sobre las cuales se han pretendido hacer generalizaciones sin las debidas verificaciones y sin haber utilizado el m&#xE9;todo cient&#xED;fico. Esta situaci&#xF3;n posiblemente se explica en virtud a que se considera que los conceptos centrales de la teor&#xED;a de la mercadotecnia tienen un car&#xE1;cter universal y son axiomas en s&#xED; mismos. Uno de los principios en cuesti&#xF3;n es el de la efectividad del mercadeo. Dicho concepto, pese a hacer parte de la definici&#xF3;n de la mercadotecnia aceptada por los m&#xE1;s connotados te&#xF3;ricos de la mercadotecnia en la actualidad, no satisface los elementos que se requieren para aceptar un conocimiento como producto de la investigaci&#xF3;n cient&#xED;fica.</subfield>
  </datafield>
  <datafield tag="546" ind1=" " ind2=" ">
    <subfield code="a">En Espa&#xF1;ol; res&#xFA;menes en espa&#xF1;ol e ingl&#xE9;s.</subfield>
  </datafield>
  <datafield tag="588" ind1=" " ind2=" ">
    <subfield code="a">Descripci&#xF3;n basada en metadatos suministrados por el editor y otras fuentes.</subfield>
  </datafield>
  <datafield tag="588" ind1=" " ind2=" ">
    <subfield code="a">Descripci&#xF3;n basada en Revista colombiana de marketing, a&#xF1;o 3, n. 5 (diciembre 2002), P. 30-46.</subfield>
  </datafield>
  <datafield tag="590" ind1=" " ind2=" ">
    <subfield code="a">Recurso electr&#xF3;nico. Santa Fe, Arg.: elibro, 2024. Disponible v&#xED;a World Wide Web. El acceso puede estar limitado para las bibliotecas afiliadas a elibro.</subfield>
  </datafield>
  <datafield tag="650" ind1=" " ind2="4">
    <subfield code="a">Efectividad del mercadeo.</subfield>
  </datafield>
  <datafield tag="650" ind1=" " ind2="4">
    <subfield code="a">Eficiencia de la mercadotecnia.</subfield>
  </datafield>
  <datafield tag="655" ind1=" " ind2="4">
    <subfield code="a">Art&#xED;culos electr&#xF3;nicos.</subfield>
  </datafield>
  <datafield tag="773" ind1="1" ind2=" ">
    <subfield code="t">Revista colombiana de marketing.</subfield>
    <subfield code="x">ISSN 1657-4613</subfield>
    <subfield code="d">Bucaramanga: Universidad Aut&#xF3;noma de Bucaramanga.</subfield>
    <subfield code="g">a&#xF1;o 3,  n. 5 (diciembre 2002),  p. 30-46</subfield>
  </datafield>
  <datafield tag="797" ind1="2" ind2=" ">
    <subfield code="a">elibro, Corp.</subfield>
  </datafield>
  <datafield tag="856" ind1="4" ind2="0">
    <subfield code="u">https://elibro.net/ereader/politecnicointernacional/22803</subfield>
  </datafield>
  <datafield tag="999" ind1=" " ind2=" ">
    <subfield code="c">149369</subfield>
    <subfield code="d">149369</subfield>
  </datafield>
</record>
